000 00479nam a2200193Ia 4500
005 20240823013949.0
008 240823s9999||||xx |||||||||||||| ||und||
020 _a981-243-859-9
041 _aENGLISH
082 _A005.1 P3
100 _a"Gillies,Alan C"
245 0 _aSoftware Quality: Theory and Management
250 _a2nd
260 _c2003
_b"Thomson,Aust"
500 _aTRANSFERED
650 _aSoftware
_bInformation Technology
942 _cBK
999 _c168726
_d168726